| 000 | 00629cam a22002175a 4500 | ||
|---|---|---|---|
| 001 | L154308 | ||
| 008 | 111111e20111104xxk 000 0 eng d | ||
| 035 | _a(Sirsi) u154308 | ||
| 041 | 0 | _aeng | |
| 100 | 1 | _aLane, Thomas | |
| 245 | 0 | 0 |
_aBIM _bmaking it make sense |
| 260 | _c2011 | ||
| 490 |
_aBuilding _v276 (8702) 4 November 2011, 40-43(4) |
||
| 520 | _aExamines how to put Building Information Modelling into practice; BIM consultants and the challenges they face. | ||
| 590 | _aKA | ||
| 650 | 2 | 4 | _aBUILDING INFORMATION MODELLING |
| 650 | 2 | 4 |
_aBIM _96219 |
| 651 | 4 | _aInternational | |
| 690 |
_aBIM _96219 |
||
| 942 | _n0 | ||
| 999 |
_c83567 _d83567 |
||